| 000 | 14309cam a2203229 4500 | ||
|---|---|---|---|
| 001 | L113618 | ||
| 008 | 010712n2001 000 0 eng u | ||
| 020 | _a1842190660 | ||
| 020 | _a1842190679 | ||
| 020 | _a1842190687 | ||
| 035 | _a(Sirsi) u113618 | ||
| 041 | _aeng | ||
| 050 | _a690.072 | ||
| 110 |
_aConstruction and Building Research Conference _n(6th _d2001) _94462 |
||
| 245 |
_aCOBRA _bconstruction and building research conference 2001 _h[electronic resource] |
||
| 260 |
_aLondon _bRICS Foundation _c2001 |
||
| 490 |
_aCOBRA _v2001 |
||
| 505 | _aA menu of graduate skills: the specification of degree level skills for construction and surveying students | ||
| 505 | _aA niche market for building surveyors in the new homes sector | ||
| 505 | _aA practitioner perspective on risk management in conservation refurbishment projects | ||
| 505 | _aA rational and optimal model of decision making for decision to bid process | ||
| 505 | _aA site investigation procedural framework model designed to reduce uncertainty associated with site and ground conditions | ||
| 505 | _aA strategic housing asset indicator : exploring dimensions of the problem | ||
| 505 | _aA survey of approaches to maintenance management in tertiary institutions in South Africa | ||
| 505 | _aA survey on the use of visualisation tools to communicate buildability information | ||
| 505 | _aA value management approach to aligning the team to the client's value system | ||
| 505 | _aAn analysis of the impacts of risks and uncertainties on construction cash flow forecast | ||
| 505 | _aAn examination of the governance of mechanical and electrical building services maintenance: towards improved decision making | ||
| 505 | _aAn exploration of cohesiveness in the client team: a case study approach | ||
| 505 | _aAn investigation into factors influencing the assessment of UK flood damaged domestic properties | ||
| 505 | _aAn investigation into how photovaltic systems can be implemented into SAP energy rating calculations | ||
| 505 | _aAn investigation into the risk management services offered by cost constultants on UK construction projects | ||
| 505 | _aAn investigation of the readiness of material suppliers and manufacturers for the implementation of concurrent engineering in construction | ||
| 505 | _aBuilding regulation and energy efficiency in timber frame housing | ||
| 505 | _aChanges to North American project delivery systems | ||
| 505 | _aChanging skill needs and training requirements in the Scottish Construction Industry | ||
| 505 | _aConstruction ergonomics related education for the built environment | ||
| 505 | _aConstruction materials and processes: general contractor (GC) health related perceptions | ||
| 505 | _aConstruction value management revisited: the designer's role | ||
| 505 | _aDevelopment of multifactor property portfolio evaluation model for property-investor clients in the South African built environment | ||
| 505 | _aEmbodied energy : a lifecycle of transportation energy embodied in construction materials | ||
| 505 | _aEvaluating the opportunity for cost effective energy efficiency upgrading in the private rented sector | ||
| 505 | _aEvaluation of global risk factors affecting cost performance in Mozambique | ||
| 505 | _aExpert, arbitrator or historical anomaly? Revisiting the role of the party wall surveyor | ||
| 505 | _aFactors affecting the productivity of the construction industry in Thailand : the craftsmen's perception | ||
| 505 | _aGovernment policies and the housing market: a review of the Portuguese case | ||
| 505 | _aHarnessing the potential of neural networks for effective decision making in the decision to bid process | ||
| 505 | _aHousing policies and strategies : the experience of Libya | ||
| 505 | _aIdentification of success factors in the construction process | ||
| 505 | _aImproving construction productivity with scheduled overtime | ||
| 505 | _aInformation technology for improving teamworking in construction : opportunities and challenges for practice and for research | ||
| 505 | _aInnovation, business strategy and the quantity surveying firm in the UK | ||
| 505 | _aInternet and web technology for knowledge management in construction organisations | ||
| 505 | _aKnowledge management and intellectual capital : benefits for project based industries | ||
| 505 | _aKnowledge-based e-business in the construction supply chain | ||
| 505 | _aMaking the link beween teaching and research and consultancy | ||
| 505 | _aModels of motivation : a pilot study | ||
| 505 | _aNew Zealand quantity surveying practices : continuing to adapt in a changing environment | ||
| 505 | _aOn the requirements for effective whole life costing in an integrated environment | ||
| 505 | _aPerceptions and barriers in implementing knowledge management strategies in large construction organisations | ||
| 505 | _aPredicting damp-related problems in historic buildings and monuments used for library and archive purposes | ||
| 505 | _aPredicting project and activity duration for buildings in the UK | ||
| 505 | _aPrincipal organisational environments influencing the property development process | ||
| 505 | _aProcurement of construction in the 21st century | ||
| 505 | _aProject crystal : accessible environments for deaf and hard of hearing people | ||
| 505 | _aRevamping risk management in Hong Kong construction industry | ||
| 505 | _aRisk mitigation practices under the private finance initiative environment | ||
| 505 | _aScope definition : a key to project success | ||
| 505 | _aSolar thermal storage using phase change materials for space heating of residential buildings | ||
| 505 | _aSustainable concrete construction with fly ash lightweight aggregates | ||
| 505 | _aThe concept and development of project management in construction | ||
| 505 | _aThe Delphi method: a demonstration of its use for specific research types | ||
| 505 | _aThe measurement of customer satisfaction in the private housing sector | ||
| 505 | _aThe potential role for district energy systems in greenhouse abatement strategies in Australia | ||
| 505 | _aThe simulated thermal performance of a pair of two storey earth sheltered houses for the UK climate | ||
| 505 | _aThe US faculty pipeline is broken | ||
| 505 | _aThe use of internet questionnaires in construction and building research | ||
| 505 | _aThe use of rapid prototyping techniques and internet tools to support a knowledge integrated design process | ||
| 505 | _aTheoretical issues of industry structure applied to the building and construction industry | ||
| 505 | _aTrust in contract and its cultural perspective | ||
| 505 | _aUK construction industry in transition: emerging and redundant roles associated with new procurement methods | ||
| 505 | _aUrban regeneration activities and the implications for the local construction supply chain | ||
| 505 | _aValue management and risk management : an examination of the potential for their integration and acceptance as a combined management tool in the UK construction Industry | ||
| 505 | _aViable quality systems : the development of effective quality systems and the importance of motivation and change management in delivering client satisfaction | ||
| 520 | _aA series of papers on different aspects of construction presented at COBRA 2001. | ||
| 650 | _aGRADUATES | ||
| 650 | _aDEAF PEOPLE | ||
| 650 | _aHOUSING MANAGEMENT | ||
| 650 | _aHONG KONG | ||
| 650 | _aINTELLECTUAL PROPERTY | ||
| 650 | _aINTERNET | ||
| 650 | _aKNOWLEDGE MANAGEMENT | ||
| 650 | _aLIBRARIES | ||
| 650 | _aLIBYA | ||
| 650 | _aLIFE CYCLE COSTING | ||
| 650 |
_aRefurbishment _96264 |
||
| 650 | _aMOZAMBIQUE | ||
| 650 | _aNEW ZEALAND | ||
| 650 | _aNORTH AMERICA | ||
| 650 | _aOVERTIME | ||
| 650 | _aPARTY WALL SURVEYORS | ||
| 650 |
_aParty walls _96258 |
||
| 650 | _aPERFORMANCE MEASUREMENT | ||
| 650 | _aPFI | ||
| 650 | _aPHOTOVOLTAICS | ||
| 650 | _aPROPERTY DEVELOPMENT | ||
| 650 | _aPROPERTY PORTFOLIOS | ||
| 650 | _aPORTUGAL | ||
| 650 | _aQUANTITY SURVEYORS | ||
| 650 | _aREPUBLIC OF SOUTH AFRICA | ||
| 650 | _aRISK MANAGEMENT | ||
| 650 | _aSAP RATING | ||
| 650 | _aSCOTLAND | ||
| 650 | _aSUPPLY CHAIN MANAGEMENT | ||
| 650 | _aSURVEYING COURSES | ||
| 650 | _aSUSTAINABLE CONSTRUCTION | ||
| 650 | _aTENDERING | ||
| 650 | _aTHAILAND | ||
| 650 | _aTIMBER FRAMES | ||
| 650 | _aUNITED STATES | ||
| 650 | _aVALUE MANAGEMENT | ||
| 650 | _aBUILDABILITY | ||
| 650 | _aBUILDING SURVEYORS | ||
| 650 |
_aBlock management _96220 |
||
| 650 | _aCONSTRUCTION INDUSTRY | ||
| 650 | _aFLOOD DAMAGE | ||
| 650 | _aBUILT ENVIRONMENT-BUILDING COSTS | ||
| 650 | _aBUILT ENVIRONMENT-BUILDING MATERIALS | ||
| 650 | _aEBUSINESS | ||
| 650 | _aENERGY EFFICIENT BUILDINGS | ||
| 650 | _aARCHIVES | ||
| 650 | _aAUSTRALIA | ||
| 650 | _aCONSTRUCTION PROCUREMENT | ||
| 650 | _aDAMPNESS | ||
| 650 | _aEARTH SHELTERED BUILDING | ||
| 690 | _aBUILT ENVIRONMENT | ||
| 700 | _aFrame, Ian | ||
| 700 | _aCanter, Mike | ||
| 700 | _aLittlewood, J. R. | ||
| 700 | _aGreens, A. J. | ||
| 700 | _aReyers, John | ||
| 700 | _aMansfield, John R. | ||
| 700 | _aParvar, Jamshid | ||
| 700 | _aLowe, David | ||
| 700 | _aEmsley, Margaret W. | ||
| 700 | _aAshton, Philip | ||
| 700 | _aGidado, Kassim | ||
| 700 | _aAllen, Stephen | ||
| 700 | _aEarl, George | ||
| 700 | _aBuys, Fanie | ||
| 700 | _aNkado, Raymond N. | ||
| 700 | _aGanah, A. | ||
| 700 | _aGouchlaghem, N. M. | ||
| 700 | _aKelly, John | ||
| 700 | _aMale, Stephen | ||
| 700 | _aOdeyinka, Henry A. | ||
| 700 | _aLowe, John G. | ||
| 700 | _aBridge, A. | ||
| 700 | _aGriffith, A. | ||
| 700 | _aNicholas, John | ||
| 700 | _aProverbs, David G. | ||
| 700 | _aHolt, Gary D. | ||
| 700 | _aDixon, Sandra Jane | ||
| 700 | _aLiebkopf, Rene | ||
| 700 | _aEllis, R. C. T. | ||
| 700 | _aWood, G. D. | ||
| 700 | _aKhalfan, Malik M. A. | ||
| 700 | _aAnumba, Chimay J. | ||
| 700 | _aCarillio, Patricia A. | ||
| 700 | _aBell, Malcolm | ||
| 700 | _aOverend, Philip | ||
| 700 | _aDavis-Blake, Alison | ||
| 700 | _aAgapiou, Andrew | ||
| 700 | _aDauber, Volker | ||
| 700 | _aSmallwood, John | ||
| 700 | _aThomson, D. S. | ||
| 700 | _aAustin, S. A. | ||
| 700 | _aMbachu, J. I. | ||
| 700 | _aMiller, A. J. | ||
| 700 | _aWilkinson, Sara J. | ||
| 700 | _aGoodacre, Christopher | ||
| 700 | _aBaloi, Daniel | ||
| 700 | _aPrice, Andrew D. F. | ||
| 700 | _aChynoweth, Paul | ||
| 700 | _aMakulsawatudom, Arun | ||
| 700 | _aEmsley, Margaret W. | ||
| 700 | _aLopes, Jorge | ||
| 700 | _aRibeiro, Francisco Loforte | ||
| 700 | _aOmar, Abdulmagid | ||
| 700 | _aRuddock, Les | ||
| 700 | _aPoon, Joanna | ||
| 700 | _aPotts, Keith F. | ||
| 700 | _aCooper, Patricia | ||
| 700 | _aMayo, Richard | ||
| 700 | _aKnutson, Kraig | ||
| 700 | _aBarras, Gary | ||
| 700 | _aPineda, Julio | ||
| 700 | _aEgbu, Charles | ||
| 700 | _aGaskell, Catherine | ||
| 700 | _aHowes, Jaki | ||
| 700 | _aPage, Mark | ||
| 700 | _aPearson, Stephen | ||
| 700 | _aPryke, Stephen D. | ||
| 700 | _aBoterill, Kate | ||
| 700 | _aTurrell, Pat | ||
| 700 | _aHill, Chris | ||
| 700 | _aBoon, John | ||
| 700 | _aAl-haji, A | ||
| 700 | _aPollock, R. | ||
| 700 | _aKishk, M. | ||
| 700 | _aAouad, G. | ||
| 700 | _aSun, M. | ||
| 700 | _aBakis, N. | ||
| 700 | _aRobinson, Herbert S. | ||
| 700 | _aCarrillo, Patricia M. | ||
| 700 | _aAl-Ghassani, Ahmed M. | ||
| 700 | _aWatt, David S. | ||
| 700 | _aColston, Belinda | ||
| 700 | _aBulow, Anna | ||
| 700 | _aBlyth, Karl | ||
| 700 | _aLewis, John | ||
| 700 | _aKaka, Amar | ||
| 700 | _aHo, Paul H. K. | ||
| 700 | _aKashiwagi, Dean T. | ||
| 700 | _aBright, K. | ||
| 700 | _aCook, G. K. | ||
| 700 | _aSinka, I. | ||
| 700 | _aLuck, R. | ||
| 700 | _aIantaffi, A. | ||
| 700 | _aRahman, Motiar | ||
| 700 | _aKumarawamy, Mohan | ||
| 700 | _aAkintoye, Akintola | ||
| 700 | _aBeck, Matthias | ||
| 700 | _aHardcastle, Cliff | ||
| 700 | _aChinyio, Ezekial | ||
| 700 | _aAsenova, Darinka | ||
| 700 | _aGibson, G. Edward | ||
| 700 | _aWang, Yu-Wen | ||
| 700 | _aIp, Kenneth | ||
| 700 | _aGates, Jonathan | ||
| 700 | _aVidela, Carlos | ||
| 700 | _aMartinez, Patricia | ||
| 700 | _aWatson, P. | ||
| 700 | _aKnight, A. D. | ||
| 700 | _aKing, A. P. | ||
| 700 | _aOutred, Geoffrey P. | ||
| 700 | _aAuchterlounie, Tony | ||
| 700 | _aHinks, John | ||
| 700 | _aBest, Rick | ||
| 700 | _aBadger, William W. | ||
| 700 | _aReaney, Michael | ||
| 700 | _aPinder, Ames | ||
| 700 | _aWatts, Norman | ||
| 700 | _aBartolo, P. J. S. | ||
| 700 | _aBartolo, H. M. G. | ||
| 700 | _aValence, Gerald de | ||
| 700 | _aLau, Ellen | ||
| 700 | _aHowes, Rodney | ||
| 700 | _aRobinson, Herbert | ||
| 700 | _aHiley, A. | ||
| 700 | _aPaliokostas, P. P. | ||
| 700 | _aHughes, Terry | ||
| 700 | _aWilliams, Trefor | ||
| 700 | _aRyall, Paul | ||
| 710 |
_aRoyal Institution of Chartered Surveyors _bFoundation _94173 |
||
| 856 | 4 | 0 |
_uhttps://web.archive.org/web/20030408184549/http://www.rics-foundation.org:80/publish/download.aspx?did=2697 _zView 'A menu of graduate skills: the specification of degree level skills for construction and surveying students' on the web archive |
| 856 | 4 | 0 |
_uhttps://web.archive.org/web/20030831233929/http://www.rics-foundation.org:80/publish/download.aspx?did=2724 _zView 'Evaluating the opportunity for cost effective energy efficiency upgrading in the private rented sector' on the web archive |
| 856 | 4 | 0 |
_uhttps://web.archive.org/web/20030831234109/http://www.rics-foundation.org:80/publish/download.aspx?did=2736 _zView 'Harnessing the potential of neural networks for effective decision making in the decision to bid process' on the web archive |
| 856 | 4 | 0 |
_uhttps://web.archive.org/web/20030831232830/http://www.rics-foundation.org:80/publish/download.aspx?did=2729 _zView 'The Delphi method: a demonstration of its use for specific research types' on the web archive |
| 856 |
_uhttps://web.archive.org/web/20021107172750/http://www.rics-foundation.org/publish/conference.aspx?eid=35 _zView the papers on the web archive |
||
| 942 |
_n0 _2ddc |
||
| 999 |
_c101533 _d101533 |
||